[Event "Titled Tuesday 2022.03.22 Early"]
[Site "chess.com INT"]
[Date "2022.03.22"]
[Round "11"]
[White "Urazayev, Arystanbek"]
[Black "Yang, Kaiqi"]
[Result "0-1"]
[WhiteElo "2438"]
[BlackElo "2481"]
[PlyCount "78"]
[EventDate "2022.03.22"]
[EventType "swiss (blitz)"]
[EventRounds "11"]
[EventCountry "NET"]
[Source "Mark Crowther"]
[SourceDate "2022.03.28"]

1. e4 e6 2. d4 d5 3. Nc3 Bb4 4. Nge2 dxe4 5. a3 Be7 6. g4 c5 7. Nxe4 Nc6 8. Be3
Nf6 9. Nxf6+ Bxf6 10. dxc5 Bxb2 11. Qxd8+ Kxd8 12. Ra2 Be5 13. Bg2 Bd7 14. O-O
Ke7 15. f4 Bc7 16. Nc3 Na5 17. Bd4 Bc6 18. Raa1 Rad8 19. Rad1 Nc4 20. Bxc6 bxc6
21. Ne2 Rd7 22. h3 Rhd8 23. c3 Ne3 24. Rc1 Nxf1 25. Kxf1 f6 26. Kf2 e5 27. fxe5
Bxe5 28. Ke3 Rb8 29. Bxe5 fxe5 30. Ng3 Ke6 31. Ne4 h6 32. Nd6 Rb2 33. h4 Rd8
34. Rf1 Rh2 35. h5 Rh3+ 36. Kd2 Rg3 37. Rb1 Kd5 38. Kc2 Rg2+ 39. Kd3 Kxc5 0-1

[Event "Titled Tuesday 2022.03.15 Late"]
[Site "chess.com INT"]
[Date "2022.03.15"]
[Round "9"]
[White "Matinian, N."]
[Black "Yang, Kaiqi"]
[Result "1-0"]
[WhiteElo "2460"]
[BlackElo "2481"]
[PlyCount "65"]
[EventDate "2022.03.15"]
[EventType "swiss (blitz)"]
[EventRounds "11"]
[EventCountry "NET"]
[Source "Mark Crowther"]
[SourceDate "2022.03.21"]

1. e4 e6 2. d4 d5 3. Nc3 Bb4 4. Nge2 dxe4 5. a3 Be7 6. Nxe4 Nf6 7. Nxf6+ Bxf6
8. Be3 c5 9. dxc5 Qxd1+ 10. Rxd1 Bxb2 11. Nd4 Bc3+ 12. Ke2 Bxd4 13. Bxd4 f6 14.
g3 e5 15. Be3 Bg4+ 16. f3 Be6 17. Rd6 Kf7 18. Bg2 Nd7 19. Rb1 Rab8 20. Rbd1 Ke7
21. f4 Rhc8 22. Rxe6+ Kxe6 23. Bh3+ f5 24. Rd6+ Ke7 25. Bxf5 Nxc5 26. fxe5 Rc7
27. Bg5+ Ke8 28. Bxh7 Rd7 29. Bg6+ Kf8 30. Ke3 Rxd6 31. exd6 Ne6 32. Be7+ Kg8
33. d7 1-0

[Event "Titled Tuesday 2022.03,01 Early"]
[Site "chess.com INT"]
[Date "2022.03.01"]
[Round "1"]
[White "Yang, Kaiqi"]
[Black "Winkels, M."]
[Result "1-0"]
[WhiteElo "2481"]
[BlackElo "1979"]
[PlyCount "45"]
[EventDate "2022.03.01"]
[EventType "swiss (blitz)"]
[EventRounds "11"]
[EventCountry "NET"]
[Source "Mark Crowther"]
[SourceDate "2022.03.07"]

1. c4 e5 2. g3 d6 3. Bg2 f5 4. Nc3 Nf6 5. Nf3 Be7 6. O-O O-O 7. d4 Nbd7 8. dxe5
dxe5 9. b3 c6 10. Bb2 Qe8 11. Qc2 Qh5 12. Rad1 e4 13. Nd4 Ne5 14. f3 exf3 15.
exf3 Bc5 16. Nce2 Qh6 17. Kh1 Nfg4 18. fxg4 Nxg4 19. h3 Ne3 20. Qc1 Nxd1 21.
Qxh6 gxh6 22. Rxd1 f4 23. Nxf4 1-0

[Event "Titled Tuesday 2022.03,01 Early"]
[Site "chess.com INT"]
[Date "2022.03.01"]
[Round "9"]
[White "Yang, Kaiqi"]
[Black "Kukhmazov, A."]
[Result "0-1"]
[WhiteElo "2481"]
[BlackElo "2472"]
[PlyCount "84"]
[EventDate "2022.03.01"]
[EventType "swiss (blitz)"]
[EventRounds "11"]
[EventCountry "NET"]
[Source "Mark Crowther"]
[SourceDate "2022.03.07"]

1. c4 c6 2. d4 d5 3. cxd5 cxd5 4. Bf4 Qb6 5. Qc2 Nc6 6. e3 Bf5 7. Qxf5 Qxb2 8.
Qxd5 e6 9. Qb3 Bb4+ 10. Kd1 Qxa1 11. Bb5 a5 12. Nf3 Nge7 13. Ne1 Nd5 14. Nc2
Nc3+ 15. Kc1 Nxa2+ 16. Kd1 Nc3+ 17. Kc1 Na2+ 18. Kd1 Qxb1+ 19. Qxb1 Nc3+ 20.
Kc1 Nxb1 21. Kxb1 O-O 22. Nxb4 axb4 23. Kb2 Rfc8 24. Rc1 Na5 25. Rc5 b6 26. Rc7
h6 27. e4 g5 28. Bg3 Rxc7 29. Bxc7 Rc8 30. Bxb6 Nc4+ 31. Bxc4 Rxc4 32. Kb3 Rc3+
33. Kxb4 Rc2 34. d5 Kf8 35. g4 Ke7 36. Bc5+ Kd7 37. Bd4 Kd6 38. Bg7 exd5 39.
exd5 Rxf2 40. Bxh6 f6 41. Bg7 Kxd5 42. Kc3 Ke4 0-1

[Event "Titled Tuesday 2022.02.08 Early"]
[Site "chess.com INT"]
[Date "2022.02.08"]
[Round "8"]
[White "Costachi, M."]
[Black "Yang, Kaiqi"]
[Result "1-0"]
[WhiteElo "2463"]
[BlackElo "2481"]
[PlyCount "95"]
[EventDate "2022.02.08"]
[EventType "swiss (blitz)"]
[EventRounds "11"]
[EventCountry "NET"]
[Source "Mark Crowther"]
[SourceDate "2022.02.14"]

1. e4 e5 2. f4 Nc6 3. Nf3 exf4 4. d4 d5 5. e5 Bg4 6. Bb5 g5 7. O-O Bg7 8. h3
Bxf3 9. Qxf3 Nge7 10. h4 a6 11. Bxc6+ Nxc6 12. hxg5 Nxd4 13. Qd3 Ne6 14. Bxf4
Nxf4 15. Rxf4 Qxg5 16. Qf5 Qxf5 17. Rxf5 Ke7 18. Nc3 c6 19. Raf1 Rhf8 20. Ne2
f6 21. exf6+ Rxf6 22. Rh5 Rxf1+ 23. Kxf1 Rf8+ 24. Ke1 Bxb2 25. Rxh7+ Rf7 26.
Rh4 Be5 27. g4 b5 28. Kd2 c5 29. Rh6 Rf6 30. Rh7+ Rf7 31. Rh6 Bf6 32. Kd1 Bg5
33. Rh1 a5 34. Nc3 Rf2 35. Rh5 Kf6 36. Nxd5+ Kg6 37. Nc3 Rd2+ 38. Kc1 Rg2+ 39.
Kb1 b4 40. Ne4 Be3 41. Rd5 Bd4 42. Rd6+ Kf7 43. Kc1 Bc3 44. Rd7+ Ke6 45. Nxc5+
Ke5 46. Nd3+ Ke4 47. Re7+ Kd4 48. Kd1 1-0

[Event "Titled Tuesday 2022.02.01 A"]
[Site "chess.com INT"]
[Date "2022.02.01"]
[Round "1"]
[White "San Thit Lwin"]
[Black "Yang, Kaiqi"]
[Result "0-1"]
[WhiteElo "2242"]
[BlackElo "2481"]
[PlyCount "80"]
[EventDate "2022.02.01"]
[EventType "swiss (blitz)"]
[EventRounds "9"]
[EventCountry "NET"]
[Source "Mark Crowther"]
[SourceDate "2022.02.07"]

1. Nf3 Nf6 2. c4 g6 3. Nc3 Bg7 4. e4 d6 5. d4 O-O 6. Be2 Na6 7. O-O e5 8. Be3
exd4 9. Nxd4 Re8 10. f3 c6 11. Kh1 d5 12. cxd5 cxd5 13. Bg5 Nc7 14. Rc1 h6 15.
Bh4 g5 16. Bg3 dxe4 17. Bxc7 Qxc7 18. Ncb5 Qe5 19. Nc7 Bd7 20. Nxa8 Rxa8 21.
fxe4 Nxe4 22. Nf3 Qe8 23. Bc4 Be6 24. Bxe6 Qxe6 25. Rc7 Qb6 26. Qc2 Re8 27. g3
Qe6 28. b3 g4 29. Nh4 Qd5 30. Qg2 Re6 31. Nf5 Be5 32. Rc8+ Kh7 33. Ne3 Qd4 34.
Nxg4 Bg7 35. Rc7 Rg6 36. Rcxf7 Rxg4 37. Rc7 Qd5 38. Rcf7 Qh5 39. Qf3 Nxg3+ 40.
Qxg3 Rxg3 0-1

[Event "Titled Tuesday 2022.02.01 A"]
[Site "chess.com INT"]
[Date "2022.02.01"]
[Round "2"]
[White "Yang, Kaiqi"]
[Black "Obolenskikh, D."]
[Result "1/2-1/2"]
[WhiteElo "2481"]
[BlackElo "2543"]
[PlyCount "122"]
[EventDate "2022.02.01"]
[EventType "swiss (blitz)"]
[EventRounds "9"]
[EventCountry "NET"]
[Source "Mark Crowther"]
[SourceDate "2022.02.07"]

1. c4 e6 2. g3 d5 3. d4 c6 4. Nf3 dxc4 5. Bg2 b5 6. O-O Bb7 7. b3 cxb3 8. Qxb3
a5 9. a4 b4 10. Nbd2 Nd7 11. Nc4 c5 12. Rd1 Ngf6 13. Bf4 Bd5 14. Qc2 Rc8 15.
Qd3 Be7 16. Nd6+ Bxd6 17. Bxd6 Qb6 18. dxc5 Nxc5 19. Qb5+ Qxb5 20. axb5 Nb3 21.
Ne5 Bxg2 22. Kxg2 Nxa1 23. b6 Ne4 24. b7 Nxd6 25. Rxd6 Rb8 26. Nc6 b3 27. Nxb8
Ke7 28. Rd7+ Kf6 29. Nc6 b2 30. Rd1 a4 31. Nd8 Rxd8 32. Rxd8 b1=Q 33. b8=Q Qxb8
34. Rxb8 Nb3 35. Ra8 Nc5 36. Kf3 Ke5 37. Ke3 g5 38. f4+ gxf4+ 39. gxf4+ Kd5 40.
Kd2 Kc4 41. Kc2 Kb4 42. Rb8+ Kc4 43. Ra8 Kb4 44. Rb8+ Kc4 45. Rf8 f5 46. Rf7
Nb3 47. Kb2 Nd4 48. e3 Nb5 49. Rxh7 a3+ 50. Ka2 Kd3 51. Re7 Kxe3 52. Rxe6+ Kxf4
53. Rb6 Nc3+ 54. Kxa3 Nd5 55. Rd6 Ne3 56. Rd8 Nf1 57. h4 Kg4 58. Rf8 Ng3 59.
Kb4 Kxh4 60. Kc3 Kg4 61. Rxf5 Kxf5 1/2-1/2

[Event "Titled Tuesday 2022.02.01 A"]
[Site "chess.com INT"]
[Date "2022.02.01"]
[Round "3"]
[White "Yang, Kaiqi"]
[Black "Moroni, L."]
[Result "1-0"]
[WhiteElo "2481"]
[BlackElo "2588"]
[PlyCount "107"]
[EventDate "2022.02.01"]
[EventType "swiss (blitz)"]
[EventRounds "9"]
[EventCountry "NET"]
[Source "Mark Crowther"]
[SourceDate "2022.02.07"]

1. c4 g6 2. Nc3 Bg7 3. d4 d6 4. e4 c5 5. Nf3 Nc6 6. Be3 Qa5 7. h3 Nf6 8. Qd2
cxd4 9. Nxd4 Nxd4 10. Bxd4 O-O 11. Rd1 Be6 12. Be2 Rfc8 13. b3 a6 14. Nd5 Qxd2+
15. Rxd2 Bxd5 16. exd5 Ne4 17. Rd3 b5 18. Bxg7 Kxg7 19. Re3 Nf6 20. Rxe7 bxc4
21. Bxc4 Re8 22. Re3 Rxe3+ 23. fxe3 a5 24. Ke2 Ne4 25. Rc1 Re8 26. Bb5 Re5 27.
Bc6 Nc5 28. Rb1 f5 29. Kf3 Ne4 30. Rd1 Ng5+ 31. Kf2 Ne4+ 32. Kf3 Ng5+ 33. Kf4
Kf6 34. Rd4 Ne4 35. b4 axb4 36. Rxb4 Nc5 37. Kf3 g5 38. a4 h5 39. a5 g4+ 40.
hxg4 hxg4+ 41. Ke2 Kg5 42. g3 Re7 43. Rb5 Rh7 44. Rxc5 dxc5 45. a6 Ra7 46. Bb7
Kf6 47. Kd3 Ke5 48. Kc4 Kd6 49. Kb5 c4 50. Kxc4 Kc7 51. Kc5 Rxb7 52. axb7 Kxb7
53. Kd6 Ka6 54. Ke5 1-0

[Event "Titled Tuesday 2022.02.01 A"]
[Site "chess.com INT"]
[Date "2022.02.01"]
[Round "5"]
[White "Urazayev, Arystanbek"]
[Black "Yang, Kaiqi"]
[Result "1-0"]
[WhiteElo "2438"]
[BlackElo "2481"]
[PlyCount "69"]
[EventDate "2022.02.01"]
[EventType "swiss (blitz)"]
[EventRounds "9"]
[EventCountry "NET"]
[Source "Mark Crowther"]
[SourceDate "2022.02.07"]

1. e4 e5 2. Nf3 Nc6 3. Bb5 a6 4. Ba4 Nf6 5. d3 b5 6. Bb3 Bc5 7. Nc3 d6 8. Nd5
Nxd5 9. Bxd5 Bd7 10. Ng5 Qf6 11. O-O O-O 12. h3 h6 13. Nf3 Rab8 14. c3 Ne7 15.
Bb3 Ng6 16. d4 Bb6 17. Be3 Be6 18. Re1 Rfd8 19. Kh2 c5 20. Bxe6 fxe6 21. d5 c4
22. a4 Kh7 23. axb5 axb5 24. Ra6 Bxe3 25. fxe3 b4 26. dxe6 Qxe6 27. Qd2 bxc3
28. bxc3 Rb7 29. Rd1 Rbd7 30. Qe2 Qf7 31. Rf1 Qg8 32. Ng5+ Kh8 33. Qh5 Nf8 34.
Nf7+ Rxf7 35. Rxf7 1-0

[Event "Titled Tuesday 2022.02.01 A"]
[Site "chess.com INT"]
[Date "2022.02.01"]
[Round "6"]
[White "Yang, Kaiqi"]
[Black "Ismayil, Malak"]
[Result "0-1"]
[WhiteElo "2481"]
[BlackElo "2058"]
[PlyCount "106"]
[EventDate "2022.02.01"]
[EventType "swiss (blitz)"]
[EventRounds "9"]
[EventCountry "NET"]
[Source "Mark Crowther"]
[SourceDate "2022.02.07"]

1. c4 e5 2. g3 Nf6 3. Bg2 d5 4. cxd5 Nxd5 5. Nc3 Nxc3 6. bxc3 Nc6 7. e4 Bc5 8.
Ne2 Bg4 9. h3 Be6 10. O-O O-O 11. Kh2 Bc4 12. f4 Qd3 13. Ng1 f6 14. Rf3 Qd7 15.
Bf1 Bxf1 16. Qxf1 Kh8 17. Rb1 Bb6 18. Rd3 Qf7 19. Rd5 Ne7 20. Rdb5 c6 21. R5b3
Qe6 22. f5 Qf7 23. Nf3 Nc8 24. d4 exd4 25. cxd4 Nd6 26. Ba3 Nxe4 27. Bxf8 Rxf8
28. Re1 Nd6 29. g4 Qd5 30. Qg2 Bc7 31. Kh1 Ne4 32. Rbe3 Ng3+ 33. Kg1 h5 34. Re8
Rxe8 35. Rxe8+ Kh7 36. Qf2 c5 37. dxc5 Qd1+ 38. Re1 Qd5 39. gxh5 Qxf5 40. Qg2
Qxh5 41. Nh2 Qxc5+ 42. Qf2 Qh5 43. Kg2 Nf5 44. Ng4 Bg3 45. Nxf6+ gxf6 46. Qxa7
Bxe1 47. Qxb7+ Ng7 48. Qe4+ Qg6+ 49. Qxg6+ Kxg6 50. Kf3 Ne6 51. Ke4 Ba5 52. Kd5
Nf4+ 53. Ke4 Nxh3 0-1

[Event "Titled Tuesday 2022.02.01 A"]
[Site "chess.com INT"]
[Date "2022.02.01"]
[Round "7"]
[White "Brilej, Jaka"]
[Black "Yang, Kaiqi"]
[Result "1/2-1/2"]
[WhiteElo "2375"]
[BlackElo "2481"]
[PlyCount "106"]
[EventDate "2022.02.01"]
[EventType "swiss (blitz)"]
[EventRounds "9"]
[EventCountry "NET"]
[Source "Mark Crowther"]
[SourceDate "2022.02.07"]

1. e4 c5 2. Nf3 Nf6 3. e5 Nd5 4. d4 cxd4 5. Nxd4 Nc6 6. Bc4 Nb6 7. Bb3 Nxd4 8.
Qxd4 e6 9. O-O d5 10. exd6 Qxd6 11. Be3 Bd7 12. Nc3 Qxd4 13. Bxd4 Bc6 14. a4
Nd7 15. Nb5 Bxb5 16. axb5 Bc5 17. Bxg7 Rg8 18. Bc3 Nb6 19. Rfd1 Ke7 20. Bd4
Rgc8 21. g3 Nd7 22. Kg2 Rc7 23. h4 Bxd4 24. Rxd4 Nc5 25. b6 Rc6 26. bxa7 Ra6
27. Rxa6 bxa6 28. Rc4 Nxb3 29. cxb3 Rxa7 30. Ra4 Rb7 31. b4 Rb6 32. Kf3 f5 33.
Kf4 Kf6 34. f3 e5+ 35. Ke3 Ke6 36. g4 fxg4 37. fxg4 h6 38. Ke4 Kf6 39. g5+ hxg5
40. hxg5+ Ke6 41. g6 Rd6 42. g7 Rd4+ 43. Ke3 Kf7 44. Rxa6 Rxb4 45. Ra7+ Kg8 46.
Re7 Rxb2 47. Ke4 Re2+ 48. Kf5 Rf2+ 49. Kg6 Rg2+ 50. Kf6 Rf2+ 51. Ke6 Rg2 52.
Kxe5 Rxg7 53. Rxg7+ Kxg7 1/2-1/2

[Event "Titled Tuesday 2022.02.01 A"]
[Site "chess.com INT"]
[Date "2022.02.01"]
[Round "8"]
[White "Yang, Kaiqi"]
[Black "Koridze, Lile"]
[Result "1-0"]
[WhiteElo "2481"]
[BlackElo "1977"]
[PlyCount "65"]
[EventDate "2022.02.01"]
[EventType "swiss (blitz)"]
[EventRounds "9"]
[EventCountry "NET"]
[Source "Mark Crowther"]
[SourceDate "2022.02.07"]

1. c4 e5 2. g3 Nf6 3. Bg2 d5 4. cxd5 Nxd5 5. Nc3 Nb6 6. e3 Nc6 7. Nge2 Be7 8.
O-O O-O 9. f4 exf4 10. Rxf4 Be6 11. d4 Bg5 12. Rf2 Nd5 13. Nxd5 Bxd5 14. e4
Bxc1 15. Qxc1 Be6 16. d5 Ne5 17. dxe6 fxe6 18. Rxf8+ Qxf8 19. Qxc7 Nd3 20. Rf1
Qe8 21. Nf4 Nxf4 22. gxf4 b6 23. e5 Rd8 24. Qc3 Qb5 25. Qc6 Qxb2 26. Qxe6+ Kh8
27. Qe7 Rg8 28. f5 Qd4+ 29. Kh1 Qg4 30. Bd5 Rc8 31. f6 gxf6 32. Qxf6+ Qg7 33.
Rg1 1-0

[Event "Titled Tuesday 2022.02.01 A"]
[Site "chess.com INT"]
[Date "2022.02.01"]
[Round "9"]
[White "Andrejevs, Arvids"]
[Black "Yang, Kaiqi"]
[Result "1-0"]
[WhiteElo "2224"]
[BlackElo "2481"]
[PlyCount "77"]
[EventDate "2022.02.01"]
[EventType "swiss (blitz)"]
[EventRounds "9"]
[EventCountry "NET"]
[Source "Mark Crowther"]
[SourceDate "2022.02.07"]

1. e4 c5 2. Nf3 Nf6 3. e5 Nd5 4. c3 Nc6 5. d4 cxd4 6. cxd4 d6 7. exd6 Qxd6 8.
Nc3 Bg4 9. Be2 e6 10. h3 Bh5 11. O-O Be7 12. Be3 O-O 13. Qb3 Na5 14. Qb5 b6 15.
Rac1 Rfc8 16. Ne4 Qb4 17. Qa6 Rd8 18. Rc2 Bg6 19. Bd2 Bxe4 20. Bxb4 Nxb4 21.
Qb5 Nxc2 22. Qh5 Nxd4 23. Nxd4 Rxd4 24. Rc1 Rad8 25. Rc7 Bg6 26. Qb5 Bf6 27.
Rxa7 Rd2 28. b4 Rxa2 29. bxa5 bxa5 30. Rxa5 Rb2 31. Qc4 h6 32. Bf3 Rc2 33. Qb4
Bd4 34. Qa4 Bxf2+ 35. Kh2 Bd4 36. Ra8 Be5+ 37. Kg1 Rxa8 38. Qxa8+ Kh7 39. Be4
1-0

[Event "Titled Tuesday 2022.02.01 A"]
[Site "chess.com INT"]
[Date "2022.02.01"]
[Round "10"]
[White "Yang, Kaiqi"]
[Black "Rodchenkov, S."]
[Result "1-0"]
[WhiteElo "2481"]
[BlackElo "2346"]
[PlyCount "117"]
[EventDate "2022.02.01"]
[EventType "swiss (blitz)"]
[EventRounds "9"]
[EventCountry "NET"]
[Source "Mark Crowther"]
[SourceDate "2022.02.07"]

1. c4 e5 2. g3 Nf6 3. Bg2 c6 4. Nf3 e4 5. Nd4 d5 6. cxd5 cxd5 7. Nc3 Nc6 8.
Nxc6 bxc6 9. d3 exd3 10. Qxd3 Be7 11. O-O O-O 12. Bf4 a5 13. Rac1 Ba6 14. Qd2
Qb6 15. Rfd1 Rfd8 16. Be5 Rac8 17. Na4 Qb5 18. Nc3 Qb7 19. e3 Ne8 20. Na4 Qb5
21. b3 Bb4 22. Qb2 f6 23. Bc3 Be7 24. Qd2 Bb4 25. Bf1 Qb7 26. Bxb4 Bxf1 27.
Bxa5 Bh3 28. Bxd8 Rxd8 29. Nc5 Qc8 30. f3 Nd6 31. Qd4 h5 32. Kf2 Qa8 33. a4 Qb8
34. b4 Qa8 35. Qh4 Bf5 36. Qxh5 Qb8 37. Qh4 Kf7 38. Qd4 Rh8 39. h4 Be6 40. Kg2
Bc8 41. Qf4 g5 42. hxg5 Bh3+ 43. Kf2 Ne4+ 44. fxe4 Qxf4+ 45. exf4 fxg5 46. exd5
Bc8 47. dxc6 Rh2+ 48. Ke3 Rb2 49. b5 Ra2 50. b6 Ra3+ 51. Rd3 Rxd3+ 52. Nxd3
gxf4+ 53. gxf4 Ke6 54. b7 Bd7 55. cxd7 Kf6 56. b8=Q Kf5 57. Qf8+ Kg4 58. Rg1+
Kh3 59. Qh6# 1-0

[Event "Titled Tuesday 2022.02.01 A"]
[Site "chess.com INT"]
[Date "2022.02.01"]
[Round "11"]
[White "Rangel, D."]
[Black "Yang, Kaiqi"]
[Result "0-1"]
[WhiteElo "2207"]
[BlackElo "2481"]
[PlyCount "66"]
[EventDate "2022.02.01"]
[EventType "swiss (blitz)"]
[EventRounds "9"]
[EventCountry "NET"]
[Source "Mark Crowther"]
[SourceDate "2022.02.07"]

1. c4 Nf6 2. g3 g6 3. Bg2 Bg7 4. Nc3 O-O 5. e3 d6 6. Nge2 e5 7. O-O Nc6 8. d4
h5 9. Nd5 h4 10. Nec3 exd4 11. exd4 h3 12. Bh1 Nxd5 13. Nxd5 Nxd4 14. Bd2 c6
15. Nf4 Bf5 16. Bc3 Qb6 17. Qd2 Rfe8 18. Rad1 Ne6 19. Bxg7 Kxg7 20. b3 Qc5 21.
Rfe1 Rad8 22. Bf3 Nxf4 23. Qxf4 Re5 24. Qd2 Rde8 25. Rxe5 Rxe5 26. Kf1 b5 27.
Qxd6 Qxd6 28. Rxd6 bxc4 29. bxc4 c5 30. Rd5 Re7 31. Rxc5 Bd3+ 32. Be2 Rxe2 33.
f4 Rxh2+ 0-1

[Event "Titled Tuesday 2022.01.25"]
[Site "chess.com INT"]
[Date "2022.01.25"]
[Round "1"]
[White "Yang, Kaiqi"]
[Black "Blokhin, Sofia"]
[Result "1-0"]
[WhiteElo "2481"]
[BlackElo "2059"]
[PlyCount "93"]
[EventDate "2022.01.25"]
[EventType "swiss (blitz)"]
[EventRounds "11"]
[EventCountry "NET"]
[Source "Mark Crowther"]
[SourceDate "2022.01.31"]

1. c4 c5 2. g3 Nf6 3. Bg2 d5 4. cxd5 Nxd5 5. Nc3 Nc7 6. Nf3 Nc6 7. O-O e5 8. d3
Be7 9. Be3 O-O 10. Rc1 b6 11. a3 Be6 12. Nd2 Qd7 13. b4 cxb4 14. axb4 Nd5 15.
b5 Nd4 16. Bxd4 exd4 17. Nxd5 Bxd5 18. Bxd5 Qxd5 19. Qb3 Qh5 20. Nf3 Bc5 21.
Rc4 Rad8 22. Qb2 Qg4 23. Ra1 Qd7 24. Ne5 Qb7 25. Nc6 Rd7 26. Rxa7 Qxa7 27. Nxa7
Rxa7 28. Rc2 h6 29. Qb3 Ra3 30. Qd5 Rfa8 31. Kg2 R8a7 32. h4 Rc3 33. Rb2 Ra1
34. h5 Rcc1 35. Qf5 Rg1+ 36. Kf3 Rh1 37. Rc2 Rac1 38. Ra2 Ra1 39. Rc2 Rac1 40.
Rxc1 Rxc1 41. Ke4 Rb1 42. Qc8+ Kh7 43. Qd7 f6 44. Kf5 Rf1 45. f3 Rg1 46. g4 Rb1
47. Qe8 1-0

[Event "Titled Tuesday 2022.01.25"]
[Site "chess.com INT"]
[Date "2022.01.25"]
[Round "3"]
[White "Manukian, Ar"]
[Black "Yang, Kaiqi"]
[Result "1-0"]
[WhiteElo "2196"]
[BlackElo "2481"]
[PlyCount "157"]
[EventDate "2022.01.25"]
[EventType "swiss (blitz)"]
[EventRounds "11"]
[EventCountry "NET"]
[Source "Mark Crowther"]
[SourceDate "2022.01.31"]

1. e4 e5 2. Nf3 Nc6 3. d4 exd4 4. Nxd4 Bc5 5. Nxc6 Qf6 6. Qf3 dxc6 7. Bc4 Qg6
8. O-O Nf6 9. e5 Ng4 10. Bf4 O-O 11. Nc3 Bf5 12. h3 Nxf2 13. Rxf2 Bxf2+ 14.
Qxf2 Bxc2 15. Kh2 Rad8 16. Re1 Bd3 17. Bxd3 Qxd3 18. Qxa7 Rb8 19. Qe3 Qxe3 20.
Rxe3 Rfe8 21. a4 b6 22. e6 Rxe6 23. Rxe6 fxe6 24. Bxc7 Rb7 25. Be5 Rd7 26. Kg3
Rd2 27. Ne4 Rd5 28. Bc3 c5 29. Kf3 Kf7 30. Nd2 Rd8 31. Nc4 Rb8 32. Be5 Ra8 33.
Nxb6 Ra6 34. Bc7 e5 35. b3 Ke6 36. Ke4 g6 37. g4 h5 38. gxh5 gxh5 39. Nc4 Ra7
40. Bxe5 Rb7 41. Bd6 Rxb3 42. Bxc5 Rxh3 43. a5 Rh1 44. a6 Ra1 45. Ba3 Rg1 46.
a7 Rg8 47. Nb6 h4 48. a8=Q Rxa8 49. Nxa8 h3 50. Kf3 Kd5 51. Nc7+ Kc6 52. Ne6
Kd5 53. Nf4+ Kc4 54. Nxh3 Kb3 55. Bd6 Kc4 56. Ke4 Kb5 57. Nf4 Kc4 58. Be5 Kc5
59. Bd4+ Kc6 60. Nd3 Kd6 61. Bc5+ Kc6 62. Kd4 Kb5 63. Kd5 Ka6 64. Kc6 Ka5 65.
Ne5 Ka6 66. Nd3 Ka5 67. Nb4 Ka4 68. Kd5 Kb5 69. Kd4 Ka5 70. Kc4 Ka4 71. Bb6 Ka3
72. Nd3 Ka4 73. Nb2+ Ka3 74. Kc3 Ka2 75. Bc5 Kb1 76. Nd3 Ka2 77. Kc2 Ka1 78.
Bb4 Ka2 79. Nc1+ 1-0

[Event "Titled Tuesday 2022.01.25"]
[Site "chess.com INT"]
[Date "2022.01.25"]
[Round "4"]
[White "Matveeva, O."]
[Black "Yang, Kaiqi"]
[Result "0-1"]
[WhiteElo "2171"]
[BlackElo "2481"]
[PlyCount "84"]
[EventDate "2022.01.25"]
[EventType "swiss (blitz)"]
[EventRounds "11"]
[EventCountry "NET"]
[Source "Mark Crowther"]
[SourceDate "2022.01.31"]

1. d4 g6 2. c4 Bg7 3. g3 Nf6 4. Bg2 O-O 5. Nc3 d6 6. Nf3 c5 7. d5 e6 8. O-O Re8
9. h3 exd5 10. cxd5 a6 11. a4 Nbd7 12. Nd2 Rb8 13. Nc4 Ne5 14. Na3 Nh5 15. e4
Bd7 16. Kh2 b5 17. axb5 axb5 18. Nc2 b4 19. Ne2 Bb5 20. Ne3 Nd3 21. f4 Nxc1 22.
Rxc1 Bxb2 23. Rb1 Bg7 24. g4 Nf6 25. Ng3 Bxf1 26. Qxf1 b3 27. Nc4 Rb4 28. g5
Nh5 29. Nxh5 gxh5 30. Ne3 Qd7 31. Nf5 c4 32. Qf3 Ra4 33. Qxh5 c3 34. Nh6+ Kf8
35. Rxb3 c2 36. Nf5 c1=Q 37. Qxh7 Qxf4+ 38. Rg3 Qe5 39. g6 fxg6 40. Nh6 Bxh6
41. Qxd7 Ra3 42. Bf3 Rxf3 0-1

[Event "Titled Tuesday 2022.01.25"]
[Site "chess.com INT"]
[Date "2022.01.25"]
[Round "5"]
[White "Yang, Kaiqi"]
[Black "Mikhalsky, Vladimir"]
[Result "1-0"]
[WhiteElo "2481"]
[BlackElo "2269"]
[PlyCount "63"]
[EventDate "2022.01.25"]
[EventType "swiss (blitz)"]
[EventRounds "11"]
[EventCountry "NET"]
[Source "Mark Crowther"]
[SourceDate "2022.01.31"]

1. c4 c5 2. g3 Nf6 3. Bg2 d5 4. cxd5 Nxd5 5. Nc3 Nc7 6. d3 Nc6 7. Be3 e5 8.
Bxc6+ bxc6 9. Nf3 f6 10. Rc1 Nd5 11. Ne4 Nxe3 12. fxe3 Bh3 13. Rg1 Qa5+ 14. Qd2
Qxa2 15. g4 Qe6 16. g5 Be7 17. gxf6 gxf6 18. Nxc5 Qd5 19. e4 Qf7 20. Qh6 Bxc5
21. Rxc5 Bd7 22. Nxe5 fxe5 23. Rxe5+ Kd8 24. Rg7 Qf8 25. Ree7 Qxe7 26. Rxe7
Kxe7 27. Qg7+ Kd6 28. d4 Be6 29. Kd2 a5 30. Kd3 Rhg8 31. e5+ Kd5 32. e4# 1-0

[Event "Titled Tuesday 2022.01.25"]
[Site "chess.com INT"]
[Date "2022.01.25"]
[Round "6"]
[White "Nastore, Pavel-Alexandru"]
[Black "Yang, Kaiqi"]
[Result "0-1"]
[WhiteElo "2306"]
[BlackElo "2481"]
[PlyCount "88"]
[EventDate "2022.01.25"]
[EventType "swiss (blitz)"]
[EventRounds "11"]
[EventCountry "NET"]
[Source "Mark Crowther"]
[SourceDate "2022.01.31"]

1. e4 c5 2. Nf3 Nf6 3. e5 Nd5 4. d4 cxd4 5. Nxd4 e6 6. Be2 Nc6 7. Nxc6 dxc6 8.
c4 Nb4 9. Qxd8+ Kxd8 10. Na3 Kc7 11. Be3 b6 12. O-O Bc5 13. Bxc5 bxc5 14. f4
Rd8 15. Bf3 Rd4 16. Nb5+ cxb5 17. Bxa8 bxc4 18. g3 Nd3 19. Rab1 a5 20. Rfd1 Ba6
21. Bf3 Rd8 22. Be4 a4 23. Rd2 g6 24. Bxd3 cxd3 25. Kf2 c4 26. Ke3 Kc6 27. Rc1
Kd5 28. Rc3 Rb8 29. Ra3 Rb4 30. h3 h5 31. g4 h4 32. Rc3 Rb7 33. a3 Rb8 34. Rc1
Rd8 35. Rf1 Kc5 36. f5 gxf5 37. gxf5 Rg8 38. fxe6 fxe6 39. Rf6 Rg3+ 40. Kf2 Bc8
41. Rf3 Rg5 42. Re3 Bb7 43. Rd1 Rg2+ 44. Ke1 Kd4 0-1

[Event "Titled Tuesday 2022.01.18"]
[Site "chess.com INT"]
[Date "2022.01.18"]
[Round "1"]
[White "Svicevic, R."]
[Black "Yang, Kaiqi"]
[Result "0-1"]
[WhiteElo "2200"]
[BlackElo "2481"]
[PlyCount "58"]
[EventDate "2022.01.18"]
[EventType "swiss (blitz)"]
[EventRounds "11"]
[EventCountry "NET"]
[Source "Mark Crowther"]
[SourceDate "2022.01.24"]

1. d4 Nf6 2. Bg5 Ne4 3. Bf4 d5 4. e3 Bf5 5. Bd3 e6 6. Ne2 Bd6 7. O-O O-O 8. f3
Nf6 9. Bxf5 exf5 10. Qd3 g6 11. Nd2 Re8 12. c4 c6 13. c5 Bxf4 14. exf4 Na6 15.
Rae1 Qc7 16. g3 Re6 17. Nc1 Rae8 18. Rxe6 Rxe6 19. a3 Qe7 20. Kf2 Nc7 21. Rd1
Ne4+ 22. fxe4 dxe4 23. Qb3 e3+ 24. Kg2 exd2 25. Rxd2 Nd5 26. Nd3 Re2+ 27. Rxe2
Qxe2+ 28. Kh3 Ne3 29. Qxb7 Qh5# 0-1